<?xml version="1.0" encoding="UTF-8"?>
<record
    xmlns:xsi="http://www.w3.org/2001/XMLSchema-instance"
    xsi:schemaLocation="http://www.loc.gov/MARC21/slim http://www.loc.gov/standards/marcxml/schema/MARC21slim.xsd"
    xmlns="http://www.loc.gov/MARC21/slim">

  <leader>01970nmm a2200361   4500</leader>
  <controlfield tag="001">36408</controlfield>
  <controlfield tag="003">Biblioteca APEC</controlfield>
  <controlfield tag="005">20251014103516.0</controlfield>
  <controlfield tag="008">000000t2014    dr ||||| |||| 00| 0 spa d</controlfield>
  <datafield tag="040" ind1=" " ind2=" ">
    <subfield code="c">Biblioteca UNAPEC</subfield>
    <subfield code="a">Biblioteca UNAPEC</subfield>
    <subfield code="b">spa</subfield>
    <subfield code="e">rda</subfield>
  </datafield>
  <datafield tag="041" ind1=" " ind2=" ">
    <subfield code="a">spa</subfield>
  </datafield>
  <datafield tag="072" ind1=" " ind2=" ">
    <subfield code="a">Facultad de Humanidades</subfield>
  </datafield>
  <datafield tag="090" ind1=" " ind2=" ">
    <subfield code="a">eT TPG-C1 MAS-06 2014</subfield>
  </datafield>
  <datafield tag="100" ind1="1" ind2=" ">
    <subfield code="a">Solano Rodr&#xED;guez, Celenia Maribel</subfield>
    <subfield code="9">11966</subfield>
    <subfield code="e">autor</subfield>
  </datafield>
  <datafield tag="245" ind1="1" ind2="0">
    <subfield code="a">Propuesta de estrategia para la identificaci&#xF3;n, resoluci&#xF3;n y las aplicaciones de ecuaciones trascendentes /</subfield>
    <subfield code="c">Celenia Maribel Solano Rodr&#xED;guez; Asesor: Carlos Robert Valdez Coats</subfield>
  </datafield>
  <datafield tag="260" ind1=" " ind2=" ">
    <subfield code="a">Santo Domingo, DO :</subfield>
    <subfield code="b">Universidad APEC,</subfield>
    <subfield code="c">2014</subfield>
  </datafield>
  <datafield tag="300" ind1=" " ind2=" ">
    <subfield code="a">1 CD ROM</subfield>
  </datafield>
  <datafield tag="336" ind1=" " ind2=" ">
    <subfield code="a">Texto</subfield>
    <subfield code="b">txt</subfield>
    <subfield code="2">rdacontent</subfield>
  </datafield>
  <datafield tag="337" ind1=" " ind2=" ">
    <subfield code="a">ordenador</subfield>
    <subfield code="b">c</subfield>
    <subfield code="2">rdamedia</subfield>
  </datafield>
  <datafield tag="338" ind1=" " ind2=" ">
    <subfield code="a">recurso en l&#xED;nea</subfield>
    <subfield code="b">cr</subfield>
    <subfield code="2">rdacarrier</subfield>
  </datafield>
  <datafield tag="500" ind1=" " ind2=" ">
    <subfield code="a">CAMPUS I</subfield>
  </datafield>
  <datafield tag="500" ind1=" " ind2=" ">
    <subfield code="a">Tesis en Formato PDF
Tesis en Formato Electr&#xF3;nico
Tesis en Formato Digital</subfield>
  </datafield>
  <datafield tag="502" ind1=" " ind2=" ">
    <subfield code="a">Tesis (Maestr&#xED;a en Matem&#xE1;tica Superior) - Universidad APEC, 2014</subfield>
  </datafield>
  <datafield tag="505" ind1=" " ind2=" ">
    <subfield code="a">CAPITULO I.ASPECTOS INTRODUCTORIOS
1.1. Planteamiento del problema de investigaci&#xF3;n
1.2. Objetivos de la investigaci&#xF3;n
1.3. Justificaci&#xF3;n de la investigaci&#xF3;n
CAPITULO II.MARCO DE REFERENCIA
2.1. Marco te&#xF3;rico
2.2. Marco contextual
2.3. Contexto soc</subfield>
  </datafield>
  <datafield tag="520" ind1=" " ind2=" ">
    <subfield code="a">Resumen:
El presente proyecto consta de 5 cap&#xED;tulos en los que se van desarrollando, a partir del planteamiento del problema, todos los elementos que nos han encaminado a formular la propuesta, su implementaci&#xF3;n y aplicaci&#xF3;n; para finalizar haciendo un a</subfield>
  </datafield>
  <datafield tag="650" ind1=" " ind2=" ">
    <subfield code="a">Ecuaciones</subfield>
    <subfield code="x">Aprendizaje</subfield>
    <subfield code="9">11967</subfield>
  </datafield>
  <datafield tag="650" ind1=" " ind2=" ">
    <subfield code="a">Matem&#xE1;ticas</subfield>
    <subfield code="x">Estudio y ense&#xF1;anza</subfield>
    <subfield code="9">11968</subfield>
  </datafield>
  <datafield tag="650" ind1=" " ind2=" ">
    <subfield code="a">Ecuaciones</subfield>
    <subfield code="9">11969</subfield>
  </datafield>
  <datafield tag="700" ind1="1" ind2=" ">
    <subfield code="a">Valdez Coats, Carlos Robert</subfield>
    <subfield code="e">asesor</subfield>
    <subfield code="9">86400</subfield>
  </datafield>
  <datafield tag="856" ind1=" " ind2=" ">
    <subfield code="u">https://bibliotecaunapec.blob.core.windows.net/tesis/TPG_CI_MAS_06_2014_ET150090.pdf</subfield>
    <subfield code="y">Hacer clic para ver el PDF. (2.4 MB). Trabajo de Posgrado</subfield>
  </datafield>
  <datafield tag="912" ind1=" " ind2=" ">
    <subfield code="a">AJIM</subfield>
  </datafield>
  <datafield tag="942" ind1=" " ind2=" ">
    <subfield code="2">ddc</subfield>
    <subfield code="c">E-TES</subfield>
  </datafield>
  <datafield tag="999" ind1=" " ind2=" ">
    <subfield code="c">14144</subfield>
    <subfield code="d">14144</subfield>
  </datafield>
</record>
